Π. Σ. Δέλτα : σύγχρονες προσεγγίσεις στο έργο της
Αποθηκεύτηκε σε:
| Άλλοι συγγραφείς: | |
|---|---|
| Μορφή: | Βιβλίο |
| Γλώσσα: | Greek |
| Δημοσίευση: |
Αθήνα :
Βιβλιοπωλείον της "Εστίας",
2006
|
| Θέματα: | |
| Ετικέτες: |
Προσθήκη ετικέτας
Δεν υπάρχουν, Καταχωρήστε ετικέτα πρώτοι!
|
MARC
| LEADER | 00000cam a2200000 i 4500 | ||
|---|---|---|---|
| 001 | 1/42978 | ||
| 008 | 070402s2006 gr | ||| |||| ||gre|| | ||
| 020 | |a 9600512396 | ||
| 035 | |l 10087491 | ||
| 040 | |a GR-MY-UA |b gre |e aacr | ||
| 041 | 0 | |a gre | |
| 082 | 0 | |a 889.092 | |
| 245 | 1 | 0 | |a Π. Σ. Δέλτα : |b σύγχρονες προσεγγίσεις στο έργο της / |c εισαγωγή - επιμέλεια Αλ. Π. Ζάννας |
| 260 | |a Αθήνα : |b Βιβλιοπωλείον της "Εστίας", |c 2006 | ||
| 300 | |a 478 σ.; |b εικ.; |c 21 εκ. | ||
| 500 | |a Τα κείμενα γράφουν οι: Αλέξης Δημαράς, Σπύρος Καράβας, Τόνια Κιουσοπούλου, Marie-Cecile Navet-Gremillet, Ιωάννα Πετροπούλου, Θεόδωρος Ν. Σωτηρόπουλος, Πέτρος Χαρτοκόλλης, Π.Α. Ζάννας | ||
| 500 | |a Έκδοση: Βιβλιοπωλείον της "Εστίας" και Μουσείο Μπενάκη | ||
| 504 | |a Περιλαμβάνει βιβλιογραφικές παραπομπές | ||
| 600 | 1 | 0 | |a Δέλτα, Πηνελόπη Σ., |d 1874-1941. |
| 650 | 0 | 0 | |a Greek fiction, Modern. |
| 650 | 0 | 0 | |a Greek literature, Modern |x History and criticism. |
| 700 | 1 | |a Ζάννας, Αλέκος Π. |4 edt | |
| 852 | |a INST |b LESVOS |e 20070402 |h 889.092 ΔΕΛ |p 005100036972 |q 005100036972 |t BK |y 0 | ||
| 901 | |a BIBL1-2007-1 | ||
| 909 | |a Λ |b 132444 | ||
| 970 | |a ΒΑΡΚΑ |b ΕΛΕΥΘΕΡΙΑ |z 2007/04/02 | ||